| 000 | 00541nam a2200181Ia 4500 | ||
|---|---|---|---|
| 003 | OSt | ||
| 005 | 20200826131323.0 | ||
| 008 | 190216s9999||||xx |||||||||||||| ||und|| | ||
| 020 | _a9788177583922 | ||
| 040 | _coclc | ||
| 082 |
_a650.0285 _bKAL/F |
||
| 100 |
_aKalakota, Ravi _94358 |
||
| 245 | 0 |
_aFrontiers Of Electronic Commerce / _cRavi Kalakota ; Andrew B Whinston |
|
| 250 | _a2nd Ed. | ||
| 260 |
_bPearson Education, _c2006. _aNew Delhi; |
||
| 300 | _a864p | ||
| 942 |
_cBK _2ddc _h650.0285 _iKAL/F _k650.0285 _mKAL/F |
||
| 999 |
_c8886 _d8886 |
||